01035nam a2200241 a 450000100060000000300080000600500170001400800410003103500190007204000350009104100080012608200250013410000220015924502340018126000920041530000470050750200690055450400310062365000400065465000320069470000350072670000320076179827BD-RjUL20230608124715.0220522s2006 bg a|||| m||| 00| 0 eng d a(BD-RjUL)79827 aBD-RjULbengcBD-RjULdBD-RjUL aeng 223a632.96bFEE 2006 aFerdous, Jannatul10aEFFECT OF THE PREDATOR, XYLOCORIS FLAVIPES (REUTER) AND THE INSECT GROWTH REGULATORS TRIFLUMURON AND DIFLUBENZURON ON TRIBOLIUM CASTANEUM (HERBST) /cJannatul Ferdous ;6Supervisor : Md. Wahedul Islam, Supervisor : Selina Parween aRajshahi :bIPM Laboratory, Institute of Biological Sciences, Rajshahi Universityc2006 a[7], iv, [1], 168 leaves :bill. ;c29 cm. aThesis (Ph. D.) -- Institute of Biological Sciences, R. U. 2006 aReferences: Leaves 104-139 aBiological controlxAnimal injuries aBiological controlxInsects aIslam, Md. Wahedul, Supervisor aParween, Selina, Supervisor